000 01144nam1a22002651i 4500
001 rc\3518420
005 20260407115821.0
021 _aRU
_b[72-16743]
021 _aRU
_b[69-110705]
035 _a(NLR Aleph) 007660425
090 _a6325435
_c6325435
100 _a20130115g1969 |||y0rusy50 ca
101 0 _arus
102 _aRU
105 _a i |||||
200 1 _aВлияние хозяйственной деятельности на водный баланс
_f[Ред. коллегия: д-р техн. наук, проф. С.М. Перехрест (отв. ред.) и др. Ч. 1]-
_gСовет по изучению производит. сил УССР
210 _aКиев
_cБ. и.
_d1969-
215 _d20
606 _aВодный баланс земной поверхности
_yУССР
_2psbo
702 1 _aПерехрест
_bС.М.
_gСтепан Макарович
_4340
712 0 2 _aАН УССР
_cКиев
_bСовет по изучению производительных сил
_3RU\NLR\AUTH\889948758
_9393161
801 0 _aRU
_bNLR
_gpsbo
801 1 _aRU
_bELAR
_2rusmarc
852 _aNLR
_j69-3/9556
942 _cBOOK